000 00463nam a2200181Ia 4500
008 151202s9999||||xx |||||||||||||| ||und||
082 _bPNVM-4132
100 _aMARTIN KINGSLEY.
245 _aHAROLD LASKI ( 1893-1950 ).
260 _bVICTOR GOLLANCZ LTD.
260 _c0
300 _a0
600 _aMARTIN KINGSLEY.
630 _aHAROLD LASKI ( 1893-1950 ).
700 _aMARTIN KINGSLEY.
730 _aHAROLD LASKI ( 1893-1950 ).
942 _cBOOK
999 _c1270130
_d1270127